Facts on Czechoslovak Foreign Trade 1985

Enregistré dans:
Détails bibliographiques
Format: Livre
Langue:anglais
Publié: Praha Czechoslovak Chamber of Commerce and Industry 1985
Édition:1. ed.
Tags: Ajouter un tag
Pas de tags, Soyez le premier à ajouter un tag!

MARC

LEADER 00000nam a2200000 4500
001 c028697
005 20221207071821.0
041 0 |a eng 
044 |a CZ 
245 1 0 |a Facts on Czechoslovak Foreign Trade 1985 
250 |a 1. ed. 
264 1 |a Praha  |b Czechoslovak Chamber of Commerce and Industry  |c 1985 
300 |a 210 s.